| 000 | 01685cam a2200349 a 4500 | ||
|---|---|---|---|
| 001 | 14939283 | ||
| 005 | 20070806111515.0 | ||
| 008 | 070724s2006 enka b 001 0 eng | ||
| 010 | _a 2007278572 | ||
| 020 | _a033523867X | ||
| 020 | _a9780335238675 | ||
| 040 |
_aDLC _cDLC _dDLC |
||
| 050 | 0 | 0 |
_aQ180.55.M4 _bB59 2006 |
| 082 | 0 | 0 |
_a001.42 _222 _bBLA |
| 100 | 1 |
_aBlaxter, Loraine, _d1945- _927689 |
|
| 245 | 1 | 0 |
_aHow to Research / _cLoraine Blaxter, Christina Hughes, and Malcolm Tight. |
| 250 | _a4th ed. | ||
| 260 |
_aBerkshire, England ; _aNew York : _bOpen University Press, 2010 _c2010 |
||
| 300 |
_axii, 315p. : _bill. ; _c24 cm. |
||
| 650 | 0 |
_aResearch _xMethodology. _927690 |
|
| 653 |
_bCiv _cOctober2011 |
||
| 700 | 1 |
_aHughes, Christina, _d1952- _927691 |
|
| 700 | 1 |
_aTight, Malcolm. _927692 |
|
| 856 | 4 | 2 |
_3Contributor biographical information _uhttp://www.loc.gov/catdir/enhancements/fy0737/2007278572-b.html |
| 856 | 4 | 2 |
_3Publisher description _uhttp://www.loc.gov/catdir/enhancements/fy0737/2007278572-d.html |
| 856 | 4 | 1 |
_3Table of contents only _uhttp://www.loc.gov/catdir/enhancements/fy0737/2007278572-t.html |
| 942 |
_2ddc _cBB |
||
| 999 |
_c16185 _d16185 |
||